[Event "Polanica Zdroj op-C 45th"]
[Site "Polanica Zdroj"]
[Date "2009.08.26"]
[Round "9"]
[White "Klimczok, Natalia"]
[Black "Gadek, Michal"]
[Result "1/2-1/2"]
[WhiteElo "1511"]
[BlackElo "1857"]
[PlyCount "67"]
[EventDate "2009.08.18"]
[EventType "swiss"]
[EventRounds "9"]
[EventCountry "POL"]
[SourceTitle "CBM 132 Extra"]
[Source "ChessBase"]
[SourceDate "2009.11.03"]
[SourceVersion "1"]
[SourceVersionDate "2009.11.03"]
[SourceQuality "1"]

1. e4 c5 2. c3 d5 3. e5 Nc6 4. d4 Bf5 5. Nf3 e6 6. Be2 h6 7. Be3 cxd4 8. cxd4 Nge7 9. Nc3 Ng6 10. a3 Nh4 11. 0-0 Nxf3+ 12. Bxf3 Be7 13. Ne2 0-0 14. Ng3 Bg6 15. Qd2 Bg5 16. Rac1 Rc8 17. Rfe1 Qe7 18. Be2 f6 19. f4 Bh4 20. Bf2 Bxg3 21. Bxg3 Be4 22. Bf2 f5 23. Bh5 g6 24. Be2 Rce8 25. Qe3 a6 26. Qh3 Qg7 27. Red1 g5 28. Be3 Rc8 29. Qg3 g4 30. Bf2 Na5 31. Rc3 Nc6 32. Rdc1 Qc7 33. Qe3 Qb6 34. Rb3 1/2-1/2

[Event "POL-chT4 Slaskie"]
[Site "Poland"]
[Date "2008.04.13"]
[Round "6.54"]
[White "Kurcius, Ewa"]
[Black "Klimczok, Natalia"]
[Result "1-0"]
[WhiteElo "1647"]
[BlackElo "1504"]
[PlyCount "59"]
[EventDate "2008.02.10"]
[EventType "team-swiss"]
[EventRounds "9"]
[EventCountry "POL"]
[SourceTitle "EXT 2019"]
[Source "ChessBase"]
[SourceDate "2018.10.10"]
[SourceVersion "1"]
[SourceVersionDate "2018.10.10"]
[SourceQuality "1"]

1. d4 e6 2. Nf3 d5 3. e3 Nf6 4. b3 Bd6 5. Bd3 Nc6 6. 0-0 0-0 7. c4 e5 8. cxd5 Nxd5 9. e4 Nf6 10. d5 Nb4 11. Bb2 Bg4 12. a3 Nxd3 13. Qxd3 Re8 14. Nbd2 Rc8 15. Rfe1 Nd7 16. b4 c5 17. Nc4 Qf6 18. Nfd2 a6 19. Nxd6 Qxd6 20. Nc4 Qf6 21. f4 b5 22. Nxe5 Nxe5 23. Bxe5 Qb6 24. Qe3 Re7 25. Rac1 Qb7 26. bxc5 f6 27. c6 Qa8 28. Bd6 Ree8 29. Qb6 f5 30. e5 1-0

[Event "POL-chT3 U19 Slaska"]
[Site "Slask"]
[Date "2007.05.20"]
[Round "11.11"]
[White "Pacak, Patrycja"]
[Black "Klimczok, Natalia"]
[Result "1-0"]
[WhiteElo "1695"]
[BlackElo "1600"]
[PlyCount "57"]
[EventDate "2007.01.27"]
[EventType "team-tourn"]
[EventRounds "11"]
[EventCountry "POL"]
[SourceTitle "EXT 2019"]
[Source "ChessBase"]
[SourceDate "2018.10.10"]
[SourceVersion "1"]
[SourceVersionDate "2018.10.10"]
[SourceQuality "1"]
[WhiteTeam "Czestochowa UKS Hetman U19 II"]
[BlackTeam "Imielin MKSz Diagonalia U19"]
[WhiteTeamCountry "POL"]
[BlackTeamCountry "POL"]

1. e4 e6 2. d4 d5 3. Nc3 c6 4. Be3 Bd7 5. Bd3 Ne7 6. Nge2 f5 7. f3 Ng6 8. Qd2 Bb4 9. 0-0-0 Qb6 10. exf5 exf5 11. Rde1 Na6 12. Bg5 0-0 13. g4 Nc7 14. h4 Rae8 15. h5 Ne7 16. Reg1 fxg4 17. fxg4 Ne6 18. Be3 Rf3 19. g5 Ref8 20. g6 h6 21. Bxh6 Bxc3 22. bxc3 Nf5 23. Bxg7 Nexg7 24. h6 Ne6 25. g7 Nfxg7 26. hxg7 Nxg7 27. Rxg7+ Kxg7 28. Rh7+ Kf6 29. Qh6# 1-0

[Event "POL-chT3 U19 Slaska"]
[Site "Slask"]
[Date "2007.04.22"]
[Round "8.35"]
[White "Cieslar, Monika"]
[Black "Klimczok, Natalia"]
[Result "1-0"]
[WhiteElo "1773"]
[BlackElo "1600"]
[PlyCount "73"]
[EventDate "2007.01.27"]
[EventType "team-tourn"]
[EventRounds "11"]
[EventCountry "POL"]
[SourceTitle "EXT 2019"]
[Source "ChessBase"]
[SourceDate "2018.10.10"]
[SourceVersion "1"]
[SourceVersionDate "2018.10.10"]
[SourceQuality "1"]
[WhiteTeam "Cieszyn MUKS SZS U19"]
[BlackTeam "Imielin MKSz Diagonalia U19"]
[WhiteTeamCountry "POL"]
[BlackTeamCountry "POL"]

1. e4 e6 2. d3 d5 3. Nd2 c6 4. Ngf3 Bc5 5. g3 Ne7 6. Bg2 Nd7 7. 0-0 0-0 8. e5 Nf5 9. Qe2 Bb6 10. Re1 Re8 11. Nf1 f6 12. c3 fxe5 13. Nxe5 Nf6 14. Ne3 Qc7 15. d4 Bd7 16. Qd3 Nxe3 17. Bxe3 c5 18. Bf3 c4 19. Qc2 Rf8 20. Bf4 Qd8 21. Qe2 Re8 22. Bg5 Bc8 23. Bh5 Rf8 24. Ng4 Qe7 25. f4 Qd8 26. Nxf6+ Rxf6 27. Bxf6 Qxf6 28. Qe5 Qxe5 29. Rxe5 Bd7 30. Bg4 Re8 31. Rae1 Kf7 32. f5 exf5 33. Rxe8 Bxe8 34. Bxf5 g6 35. Be6+ Kf6 36. Bxd5 Bc6 37. Bxc4 1-0

[Event "POL-chT3 U19 Slaska"]
[Site "Slask"]
[Date "2007.01.27"]
[Round "2.17"]
[White "Jasinska, Martyna"]
[Black "Klimczok, Natalia"]
[Result "0-1"]
[WhiteElo "1400"]
[BlackElo "1600"]
[PlyCount "30"]
[EventDate "2007.01.27"]
[EventType "team-tourn"]
[EventRounds "11"]
[EventCountry "POL"]
[SourceTitle "EXT 2019"]
[Source "ChessBase"]
[SourceDate "2018.10.10"]
[SourceVersion "1"]
[SourceVersionDate "2018.10.10"]
[SourceQuality "1"]
[WhiteTeam "Katowice Hetman Szopienice U19"]
[BlackTeam "Imielin MKSz Diagonalia U19"]
[WhiteTeamCountry "POL"]
[BlackTeamCountry "POL"]

1. e4 e5 2. d4 exd4 3. Qxd4 Nc6 4. Qe3 b6 5. Nc3 Bc5 6. Qf3 Nd4 7. Qd1 Nc6 8. Bd3 Nf6 9. Qf3 Ne5 10. Qg3 Nxd3+ 11. Qxd3 Ng4 12. Be3 Nxe3 13. fxe3 Qg5 14. Nd5 0-0 15. h4 Qxg2 0-1